| 000 | 00709nam a2200253Ia 4500 | ||
|---|---|---|---|
| 003 | GCL | ||
| 008 | 140319s9999 xx 000 0 ara d | ||
| 040 |
_aGCL / _cGCL |
||
| 082 | 0 | 4 |
_a895.1 _bش ح |
| 100 | 1 | _aشوشن، جين | |
| 245 | 1 | 0 |
_aحكايات من بكين / _cشوشن، جين |
| 700 | 1 | _aتش، تشانج تسى | |
| 700 | 1 | _aلينشوى، رضوان ليو | |
| 300 | _a196 ص | ||
| 490 |
_aالعنقاء _v0 |
||
| 650 | 0 | 4 | _aالصين |
| 650 | 0 | 4 | _aالخرافات |
| 650 | 0 | 4 | _aالاساطير |
| 650 | 0 | 4 | _aالادب الصينى |
| 650 | 0 | 4 | _aالادب الشعبى - الصين |
| 650 | 0 | 4 | _aبكين |
| 650 | 0 | 4 | _aالاساطير - الصين |
| 942 |
_2ddc _cBK |
||
| 999 |
_c50588 _d50588 |
||